000 00926nam a2200229 a 4500
001 000013358
003 DO-SdBNP
005 20240229073935.0
007 ta
008 091123s1960 dr 000 0 spa d
040 _aDO-SdBNP
_bspa
_cBNPHU
082 _axxx
_bD611p
100 1 _aTrujillo Molina, Rafael Leónidas,
_d 1891-1961
_976764
245 1 0 _aDiscurso pronunciado por el S.E. el Generalísimo Dr. Rafael L. Trujillo Molina = Address delivered by Generalissimo Dr. Rafael L. Trujillo Molina in Santiago de los Caballeros /
_cRafael L. Trujillo Molina.
246 1 1 _aAddress delivered by Generalissimo Dr. Rafael L. Trujillo Molina in Santiago de los Caballeros /Rafael L. Trujillo Molina
260 _aCiudad Trujillo, República Dominicana :
_b[s.n.],
_c1960.
300 _a34 p. ;
_c23 cm.
500 _aFolleto en dos idiomas.
590 _aInventariado, 2022/ YL
910 _aYLockward
942 _2ddc
_cLF2
999 _c12985
_d12985